01113njm a2200277Ia 450000100060000000300090000600500170001500800410003204000130007304000130008604100120009910000190011110000180013010000380014824500350018625000110022126000120023226000090024430000100025330000290026350000360029250503320032865000570066070000550071770000630077237816IT-RoPAU20220918181112.0131025s9999 xx 000 0 und d aIT-RoPAU cIT-RoPAU aPOLACCO aJanda Crystyna eAutore musica gCodice autore musica SPICS: 17426 aW Malinowym Chrusniaku-Dancing a1a ed. aPOLONIA bMUZA aDISCO c47 minuti (Testo: pag.) aMusica polacca. Canzone polacca aW Malinowym Chrusniku - Ekscentrycy - Sledza Nas - Taka Cisza W Ogrodzie - Haslo Nasze - Zazdrosc Moja - Wyszlo Z Boru - Czasami Mojej Slepej Posluszny Ochocie - Ty Pierwej Mgly Dosiegasz - Zazdrosnicy - Zmienionaz - Dancing - Trzeba Chodzic W Masce - Ramie Pana - Modlitwa - Krzyk Jazz Bandu - Miss Ameryka - Smutne Intermezzo aCANZONE POLACCA [DISCHI]eCodice MATERIA SPICS: 9950 aGrechuta MarekeAutoregCodice autore SPICS: 17427 aJanda CrystynagCodice interprete SPICS: 17426eInterprete